mousesports Players - Rocket League - Statistics

General Stats
  • This quiz has been taken 15 times
  • The average score is 3 of 6
Answer Stats
Players % Correct
Speed
93%
kuxir97
73%
al0t
47%
Alex161
27%
Skyline
20%
Tigreee
20%
No matching quizzes found
Score Distribution
Percent of People with Each Score
Percentile by Number Answered
Your Score History
You have not taken this quiz